Nerovnosť a asymetria bezpečnosti ako konfliktogénne činitele

Pojem bezpečnosť. Ľudská bezpečnosť (Human security). Koncept ľudskej bezpečnosti. Asymetria v rovine národnej a medzinárodnej bezpečnosti.

Enregistré dans:
Détails bibliographiques
Auteur principal: Hofreiter, Ladislav
Format: Chapitre de livre
Langue:slovaque
Sujets:
Tags: Ajouter un tag
Pas de tags, Soyez le premier à ajouter un tag!

MARC

LEADER 00000naa a2200000 4500
001 0193421
005 20231204133949.2
041 0 |a slo 
044 |a SK 
245 1 0 |a Nerovnosť a asymetria bezpečnosti ako konfliktogénne činitele  |c Ladislav Hofreiter 
520 |a Pojem bezpečnosť. Ľudská bezpečnosť (Human security). Koncept ľudskej bezpečnosti. Asymetria v rovine národnej a medzinárodnej bezpečnosti. 
610 2 0 |a bezpečnosť 
610 2 0 |a bezpečnosť medzinárodná 
610 2 0 |a bezpečnosť národná 
610 2 0 |a politika sociálna 
610 2 0 |a chudoba 
610 2 0 |a diferenciácia sociálna 
100 1 |a Hofreiter, Ladislav